बृहनमहाराष्ट्र संस्था परिचय सूची (Record no. 474091)

MARC details
000 -LEADER
fixed length control field 00685nam a2200157Ia 4500
008 - FIXED-LENGTH DATA ELEMENTS--GENERAL INFORMATION
fixed length control field 100204s9999 xx 000 0 und d
082 ## - DEWEY DECIMAL CLASSIFICATION NUMBER
Item number 28905
100 ## - MAIN ENTRY--PERSONAL NAME
Personal name "कुलकर्णी , सुर्यकांत"
245 ## - TITLE STATEMENT
Title बृहनमहाराष्ट्र संस्था परिचय सूची
250 ## - EDITION STATEMENT
Edition statement 3
260 ## - PUBLICATION, DISTRIBUTION, ETC. (IMPRINT)
Name of publisher, distributor, etc बृहनमहाराष्अ्र मंडळ प्रकाशन
Date of publication, distribution, etc 2006
300 ## - PHYSICAL DESCRIPTION
Extent 201
630 ## - SUBJECT ADDED ENTRY--UNIFORM TITLE
Uniform title बृहनमहाराष्ट्र संस्था परिचय सूची
730 ## - ADDED ENTRY--UNIFORM TITLE
Uniform title बृहनमहाराष्ट्र संस्था परिचय सूची
942 ## - ADDED ENTRY ELEMENTS (KOHA)
Koha item type Book
Holdings
Withdrawn status Lost status Damaged status Not for loan Home library Current library Date acquired Cost, normal purchase price Total Checkouts Full call number Barcode Date last seen Cost, replacement price Price effective from Koha item type
        N. C. Kelkar Sarvajanik Library, Mulund N. C. Kelkar Sarvajanik Library, Mulund 05/05/2009 150.00   28905 NCKMULUND-28905 02/04/2010 150.00 02/04/2010 Book